| 000 | 01163nam a2200313Ia 4500 | ||
|---|---|---|---|
| 001 | ebr10150385 | ||
| 003 | CaPaEBR | ||
| 006 | m u | ||
| 007 | cr cn||||||||| | ||
| 008 | 010725s2002 nyu sb 001 0 eng d | ||
| 010 | _z 2001048213 | ||
| 020 | _z1403982139 | ||
| 020 | _z0312293836 | ||
| 040 |
_aCaPaEBR _cCaPaEBR |
||
| 035 | _a(OCoLC)560213233 | ||
| 050 | 1 | 4 |
_aBT82.7 _b.H664 2002eb |
| 100 | 1 | _aHopkins, Dwight N. | |
| 245 | 1 | 0 |
_aHeart and head _h[electronic resource] : _bblack theology--past, present, and future / _cDwight N. Hopkins. |
| 250 | _a1st ed. | ||
| 260 |
_aNew York : _bPalgrave, _c2002. |
||
| 300 | _axiv, 222 p. | ||
| 504 | _aIncludes bibliographical references (p. 201-213) and index. | ||
| 533 |
_aElectronic reproduction. _bPalo Alto, Calif. : _cebrary, _d2009. _nAvailable via World Wide Web. _nAccess may be limited to ebrary affiliated libraries. |
||
| 650 | 0 | _aBlack theology. | |
| 650 | 0 |
_aBlacks _xReligion. |
|
| 655 | 7 |
_aElectronic books. _2local |
|
| 710 | 2 | _aebrary, Inc. | |
| 856 | 4 | 0 |
_uhttp://site.ebrary.com/lib/rucke/Doc?id=10150385 _zAn electronic book accessible through the World Wide Web; click to view |
| 999 |
_c94583 _d94583 |
||